اراض متنازع عليها : (Record no. 66264)
[ view plain ]
| 000 -الفاتح | |
|---|---|
| حقل البيانات ثابتة الطول | 01108nam a22002777a 4500 |
| 005 - وقت وتاريخ اخر تعامل مع التسجيلة | |
| رقم الضبط | 20240530110909.0 |
| 008 - عناصر البيانات ثابتة الطول - معلومات عامة | |
| حقل البيانات ثابتة الطول | 220214s2009 ua g 000 0 ara d |
| 017 ## - رقم الايداع القانونى | |
| المصدر ( الهيئة المختصة) | مصر. دار الكتب |
| 040 ## - مصدر الفهرسة | |
| وكالة الفهرسة الأصلية | EG-CaGPL |
| وكالة النسخ | EG-CaGPL |
| 082 04 - رقم تصنيف ديوى العشرى | |
| رقم الطبعة | 21 |
| رقم التصنيف | 327.16 / |
| رقم المادة | ب ا |
| 100 1# - المدخل الرئيسى - إسم شخصى | |
| الإسم الشخصى | سومانترا ، بوز |
| 245 10 - بيان العنوان | |
| العنوان | اراض متنازع عليها : |
| بقية العنوان | اسرائيل - فلسطين - كشمير- البوسنة - قبرص - سريلانكا / |
| بيان المسئوليه,etc | سومانترا ، بوز ؛ ترجمة اياد احمد ، حسان البستانى |
| 250 ## - بيان الطبعة | |
| بيان الطبعة | ط. 1 |
| 260 ## - PUBLICATION, DISTRIBUTION, ETC. (IMPRINT) | |
| تاريخ النشر أو التوزيع | 2009 |
| 300 ## - الوصف المادى | |
| التعداد | 326 ص. ؛ |
| أبعاد الوعاء | 24 سم |
| 650 07 - المدخل الاضافى بالموضوع-مصطلح موضوعى | |
| مصدر الرأس أو المصطلح | qrmak |
| مصطلح موضوعي | الصراع العربى الاسرائيليى |
| 651 07 - المدخل الاضافى بالموضوع - اسم جغرافى | |
| مصدر الرأس أو المصطلح | qrmak |
| الاسم الجغرافي | سريلانكا |
| 651 07 - المدخل الاضافى بالموضوع - اسم جغرافى | |
| الاسم الجغرافي | قبرص |
| مصدر الرأس أو المصطلح | qrmak |
| 651 07 - المدخل الاضافى بالموضوع - اسم جغرافى | |
| الاسم الجغرافي | البوسنة |
| مصدر الرأس أو المصطلح | qrmak |
| 651 07 - المدخل الاضافى بالموضوع - اسم جغرافى | |
| الاسم الجغرافي | كشمير |
| مصدر الرأس أو المصطلح | qrmak |
| 651 07 - المدخل الاضافى بالموضوع - اسم جغرافى | |
| الاسم الجغرافي | فلسطين |
| مصدر الرأس أو المصطلح | qrmak |
| 700 0# - المدخل الاضافى - اسم شخصى | |
| الإسم الشخصى | اياد احمد |
| الدور | مترجم |
| 700 0# - المدخل الاضافى - اسم شخصى | |
| الإسم الشخصى | حسان البستانى |
| الدور | مترجم |
| 942 ## - عناصر المدخل الإضافي( كوها) | |
| مصدر التصنيف او مخطط الترفيف | Dewey Decimal Classification |
| Koha [default] item type | كتاب |
| 260 ## - PUBLICATION, DISTRIBUTION, ETC. (IMPRINT) | |
| -- | بيروت : |
| -- | الدار العربية للعلوم ناشرون، |
| حالة التراجع | حالة الفقد | حالة تلف | ليس للاعارة | المكان المؤقت | الموقع الحالى | موقع الترفيف | تاريخ الاكتساب | اجمالي اﻻعارات | رقم الطلب | الباركود | تاريخ اخر مشاهدة | تاريخ تفعيل السعر | نوع وعاء كوها |
|---|---|---|---|---|---|---|---|---|---|---|---|---|---|
| مكتبة القاهرة الكبرى | مكتبة القاهرة الكبرى | ق الرئيسية_العلوم الاجتماعية_ك عربى | 03/06/2022 | 327.16 / ب ا | 167555 | 03/06/2022 | 03/06/2022 | كتاب |

